Strategic Human Resource Management : (Record no. 15136)
[ view plain ]
| 000 -LEADER | |
|---|---|
| fixed length control field | 01812cam a2200361 a 4500 |
| 001 - CONTROL NUMBER | |
| control field | 15264678 |
| 005 - DATE AND TIME OF LATEST TRANSACTION | |
| control field | 20081105070741.0 |
| 008 - FIXED-LENGTH DATA ELEMENTS--GENERAL INFORMATION | |
| fixed length control field | 080417s2008 enka b 001 0 eng |
| 010 ## - LIBRARY OF CONGRESS CONTROL NUMBER | |
| LC control number | 2008017601 |
| 015 ## - NATIONAL BIBLIOGRAPHY NUMBER | |
| National bibliography number | GBA877908 |
| Source | bnb |
| 016 7# - NATIONAL BIBLIOGRAPHIC AGENCY CONTROL NUMBER | |
| Record control number | 014646952 |
| Source | Uk |
| 020 ## - INTERNATIONAL STANDARD BOOK NUMBER | |
| International Standard Book Number | 0749453753 |
| 020 ## - INTERNATIONAL STANDARD BOOK NUMBER | |
| International Standard Book Number | 9780749453756 |
| 035 ## - SYSTEM CONTROL NUMBER | |
| System control number | (OCoLC)ocn225852458 |
| 035 ## - SYSTEM CONTROL NUMBER | |
| System control number | (OCoLC)225852458 |
| 040 ## - CATALOGING SOURCE | |
| Original cataloging agency | DLC |
| Transcribing agency | DLC |
| Modifying agency | DLC |
| 050 00 - LIBRARY OF CONGRESS CALL NUMBER | |
| Classification number | HF5549 |
| Item number | .A89784 2008 |
| 082 00 - DEWEY DECIMAL CLASSIFICATION NUMBER | |
| Classification number | 658.3 |
| Edition number | 22 |
| Item number | ARM |
| 100 1# - MAIN ENTRY--PERSONAL NAME | |
| Personal name | Armstrong, Michael, |
| Dates associated with a name | 1928- |
| 9 (RLIN) | 23156 |
| 245 10 - TITLE STATEMENT | |
| Title | Strategic Human Resource Management : |
| Remainder of title | A Guide to Action / |
| Statement of responsibility, etc | Michael Armstrong. |
| 250 ## - EDITION STATEMENT | |
| Edition statement | 4th ed. |
| 260 ## - PUBLICATION, DISTRIBUTION, ETC. (IMPRINT) | |
| Place of publication, distribution, etc | London ; |
| -- | Philadelphia : |
| Name of publisher, distributor, etc | Kogan Page, 2008 |
| Date of publication, distribution, etc | 2008. |
| 300 ## - PHYSICAL DESCRIPTION | |
| Extent | viii, 248 p. : |
| Other physical details | ill. ; |
| Dimensions | 24 cm. |
| 504 ## - BIBLIOGRAPHY, ETC. NOTE | |
| Bibliography, etc | Includes bibliographical references (p. [226]-240) and indexes. |
| 650 #0 - SUBJECT ADDED ENTRY--TOPICAL TERM | |
| Topical term or geographic name as entry element | Personnel management. |
| 9 (RLIN) | 23157 |
| 856 42 - ELECTRONIC LOCATION AND ACCESS | |
| Materials specified | Contributor biographical information |
| Uniform Resource Identifier | <a href="http://www.loc.gov/catdir/enhancements/fy0902/2008017601-b.html">http://www.loc.gov/catdir/enhancements/fy0902/2008017601-b.html</a> |
| 856 41 - ELECTRONIC LOCATION AND ACCESS | |
| Materials specified | For further case studies and paper abstracts |
| Uniform Resource Identifier | <a href="http://www.koganpage.com/strategicHRM">http://www.koganpage.com/strategicHRM</a> |
| 942 ## - ADDED ENTRY ELEMENTS (KOHA) | |
| Source of classification or shelving scheme | Dewey Decimal Classification |
| Item type | NB - Book (Non borrowing) |
| Withdrawn status | Item status | Source of classification or shelving scheme | Damaged status | Not for loan | Vendor | Home library | Current library | Shelving location | Date acquired | Source of acquisition | Cost, normal purchase price | Total Checkouts | Full call number | Barcode | Date last seen | Date last borrowed | Koha item type | Total Renewals |
|---|---|---|---|---|---|---|---|---|---|---|---|---|---|---|---|---|---|---|
| Dewey Decimal Classification | Baccah | Central Library | Central Library | First floor | 18/04/2011 | 260.00 | 2 | 658.3 ARM | 000023269 | 15/07/2025 | 29/10/2013 | NB - Book (Non borrowing) | ||||||
| Dewey Decimal Classification | Baccah | Central Library | Central Library | First floor | 18/04/2011 | 260.00 | 13 | 658.3 ARM | 000023276 | 15/07/2025 | 21/12/2016 | Book - Borrowing | 45 | |||||
| Dewey Decimal Classification | Baccah | Central Library | Central Library | First floor | 18/04/2011 | 260.00 | 7 | 658.3 ARM | 000023277 | 15/07/2025 | 07/11/2016 | Book - Borrowing | 21 |